[Event "North American-ch U18"]
[Site "Montreal"]
[Date "2010.08.18"]
[Round "6"]
[White "Desrivieres, Gerald"]
[Black "Shen, Victor C"]
[Result "0-1"]
[WhiteElo "743"]
[BlackElo "2339"]
[PlyCount "70"]
[EventDate "2010.08.16"]
[EventType "swiss"]
[EventRounds "7"]
[EventCountry "CAN"]
[SourceTitle "EXT 2013"]
[Source "ChessBase"]
[SourceDate "2012.11.22"]
[SourceVersion "1"]
[SourceVersionDate "2012.11.22"]
[SourceQuality "1"]

1. e4 c5 2. Bc4 Nc6 3. Nf3 e6 4. Nc3 d6 5. d3 Nf6 6. h3 Be7 7. Be3 d5 8. Bb5 d4 9. Bxd4 cxd4 10. Ne2 Qa5+ 11. Qd2 Qxb5 12. c4 Qb6 13. a3 a5 14. 0-0 0-0 15. Rab1 e5 16. Rfe1 a4 17. Ng3 Qc7 18. Nh4 Nxe4 19. Rxe4 f5 20. Nhxf5 Bxf5 21. Re2 Qd6 22. b4 axb3 23. Rxb3 Rxa3 24. Qb2 Bxd3 25. Rxd3 Rxd3 26. Qa2 Qe6 27. Ne4 Ra3 28. Qc2 d3 29. Qd2 dxe2 30. Qxe2 Nd4 31. Qh5 Qxc4 32. Qxe5 Qc1+ 33. Kh2 Rxh3+ 34. Kxh3 Qh6+ 35. Kg3 Qh4# 0-1